| 000 | 00801cab a2200253 4500 | ||
|---|---|---|---|
| 001 | ABS60252 | ||
| 008 | 090401t1999 xxu||||| |||| 00| 0 eng d | ||
| 035 | _a(Sirsi) u91518 | ||
| 041 | _aeng | ||
| 100 | _aBaker, B. | ||
| 245 | 4 | _aThe right course | |
| 260 | _c1999 | ||
| 350 | _a0 | ||
| 490 |
_aSurveyor _v18 February 1999, 18-19(2) |
||
| 520 | _aInstead of building new roads, the government is undertaking a series of strategic and roads-based studies. But councils are worried that these assessments are not taking a sufficiently broad view. (Headnote from Journal) | ||
| 650 | _aDETR | ||
| 650 | _aHIGHWAYS AGENCY | ||
| 650 | _aREVIEW | ||
| 650 | _aROAD BUILDING | ||
| 650 | _aROADS-BASED STUDIES | ||
| 690 | _aTRANSPORT AND COMMUNICATIONS | ||
| 942 | _n0 | ||
| 948 | _c23/02/1999 | ||
| 999 |
_c58096 _d58096 |
||